[Event "4NCL Division 1b"]
[Site "Birmingham, ENG ENG"]
[Date "2016.01.24"]
[Round "4.151"]
[White "Edouard, Romain"]
[Black "Franklin, Samuel G A"]
[Result "1-0"]
[WhiteElo "2617"]
[BlackElo "2300"]
[PlyCount "65"]
[EventDate "2016.01.24"]
[WhiteTeam "Guildford 1"]
[BlackTeam "Barbican 4NCL 2"]

1. d4 Nf6 2. c4 g6 3. g3 Bg7 4. Bg2 O-O 5. Nc3 d6 6. Nf3 Nc6 7. O-O Rb8 8. Bf4
a6 9. Rc1 Bd7 10. Qd2 Re8 11. Rfd1 b5 12. Nd5 Ne4 13. Qc2 f5 14. cxb5 axb5 15.
Nc3 Nf6 16. Ng5 b4 17. Nd5 Nh5 18. Nxc7 Qxc7 19. Qc4+ e6 20. d5 Nxf4 21. gxf4
h6 22. dxe6 Bc8 23. e7+ Kh8 24. Nf7+ Kh7 25. Nd8 Bd7 26. Nxc6 Bxc6 27. Qxc6
Qxc6 28. Rxc6 Rxe7 29. Rdxd6 Bxb2 30. Rxg6 Bg7 31. Bh3 Rb5 32. Rgd6 Bf8 33. Rf6
1-0

[Event "4NCL Division 1b"]
[Site "Birmingham, ENG ENG"]
[Date "2016.01.24"]
[Round "4.152"]
[White "Jackson, James P"]
[Black "Jones, Gawain C B"]
[Result "1/2-1/2"]
[WhiteElo "2330"]
[BlackElo "2625"]
[PlyCount "123"]
[EventDate "2016.01.24"]
[WhiteTeam "Barbican 4NCL 2"]
[BlackTeam "Guildford 1"]

1. e4 d6 2. d4 Nf6 3. Nc3 g6 4. Bg5 Bg7 5. f4 O-O 6. Nf3 c5 7. dxc5 Qa5 8. Qd2
Qxc5 9. Bd3 Bg4 10. Bxf6 Bxf6 11. Nd5 Nc6 12. Nxf6+ exf6 13. Qf2 Bxf3 14. Qxc5
dxc5 15. gxf3 Rfd8 16. Rd1 Kf8 17. c3 Ke7 18. Ke2 g5 19. fxg5 fxg5 20. h4 h6
21. hxg5 hxg5 22. Rh5 Rg8 23. Bb5 Ne5 24. Kf2 a6 25. Be2 Nd7 26. Rd5 Nf8 27.
Rdxg5 Rxg5 28. Rxg5 Ne6 29. Rh5 b5 30. Ke3 Rg8 31. Rh2 Rg1 32. a4 bxa4 33. Bxa6
Rc1 34. Kd2 Ra1 35. Bc4 Ng5 36. Ke3 Rc1 37. Kd2 Nxf3+ 38. Kxc1 Nxh2 39. Be2 Kf6
40. Kd2 Kg5 41. Kd3 Kf4 42. Kc4 Kxe4 43. Kxc5 f5 44. Bb5 f4 45. Bxa4 f3 46.
Bc6+ Kd3 47. b4 f2 48. Bg2 Ke3 49. b5 Kf4 50. b6 Kg3 51. Bf1 Nxf1 52. b7 Nd2
53. b8=Q+ Kf3 54. Qh2 Ke3 55. Qh6+ Ke2 56. Qe6+ Kd1 57. Qg4+ Kc1 58. Qf4 f1=Q
59. Qxf1+ Nxf1 60. Kb5 Nd2 61. c4 Nxc4 62. Kxc4 1/2-1/2

[Event "4NCL Division 1b"]
[Site "Birmingham, ENG ENG"]
[Date "2016.01.24"]
[Round "4.153"]
[White "Pert, Nicholas"]
[Black "Taylor, Martin R"]
[Result "1-0"]
[WhiteElo "2574"]
[BlackElo "2321"]
[PlyCount "209"]
[EventDate "2016.01.24"]
[WhiteTeam "Guildford 1"]
[BlackTeam "Barbican 4NCL 2"]

1. d4 d5 2. c4 c6 3. Nc3 Nf6 4. e3 e6 5. Nf3 Nbd7 6. Qc2 b6 7. cxd5 exd5 8. Bd3
Be7 9. O-O Bb7 10. b3 Qc7 11. Bb2 O-O 12. Ne5 c5 13. Nb5 Qd8 14. Rad1 a6 15.
Nc3 cxd4 16. exd4 Bb4 17. Bf5 g6 18. Bh3 b5 19. Qd3 Nb6 20. Ne2 Ne4 21. Qe3 Ng5
22. Nf4 Nxh3+ 23. Qxh3 Rc8 24. Nfd3 Bd6 25. Nc5 Rc7 26. Nxb7 Rxb7 27. Nd3 Re7
28. Qf3 Rfe8 29. Ne5 Rc7 30. Rc1 f6 31. Ng4 Re6 32. Ne3 f5 33. g3 Re4 34. Rxc7
Qxc7 35. Rc1 Qd7 36. Qd1 Re8 37. Rc5 Bf8 38. Ng2 Rc8 39. Nf4 Rxc5 40. dxc5 Bxc5
41. Qd2 d4 42. Ne2 Nd5 43. Bxd4 Nb4 44. Qf4 Bxd4 45. Nxd4 Nxa2 46. Qb8+ Kg7 47.
Qe5+ Kg8 48. Qf6 Qg7 49. Qe6+ Qf7 50. Qxa6 Qd5 51. Qf6 Qf7 52. Qc6 Nb4 53. Qxb5
Nd5 54. Qb8+ Qf8 55. Qe5 Nf6 56. b4 Ng4 57. Qe6+ Qf7 58. b5 Qxe6 59. Nxe6 Ne5
60. b6 Nd7 61. b7 Nb8 62. Kg2 Kf7 63. Ng5+ Kg7 64. f4 h6 65. Nf3 Kf6 66. h4 Ke6
67. h5 gxh5 68. Kh3 Kd5 69. Kh4 Kc6 70. Nd4+ Kxb7 71. Kxh5 Nd7 72. Nxf5 Kc6 73.
Nxh6 Kd5 74. Nf7 Ke4 75. Kg5 Nf8 76. Kg4 Nd7 77. Nd6+ Kd5 78. Ne8 Ke4 79. Kg5
Nf8 80. Nf6+ Kf3 81. Nh5 Ke4 82. Kh4 Ng6+ 83. Kg5 Nf8 84. g4 Kf3 85. f5 Nh7+
86. Kh4 Ke4 87. Ng3+ Kf4 88. Ne2+ Ke5 89. Kh5 Nf6+ 90. Kg5 Ne8 91. Ng1 Nd6 92.
Nf3+ Ke4 93. Nh4 Ke5 94. Ng6+ Ke4 95. Kf6 Kf3 96. Ne5+ Kf4 97. Ke6 Ne4 98. f6
Ng5+ 99. Kd5 Kg3 100. Kc6 Kf4 101. Kd6 Kg3 102. Ke7 Kf4 103. f7 Nh7 104. Nd7
Kxg4 105. Nf6+ 1-0

[Event "4NCL Division 1b"]
[Site "Birmingham, ENG ENG"]
[Date "2016.01.24"]
[Round "4.155"]
[White "Hebden, Mark L"]
[Black "Poobalasingam, Peter S"]
[Result "0-1"]
[WhiteElo "2481"]
[BlackElo "2239"]
[PlyCount "80"]
[EventDate "2016.01.24"]
[WhiteTeam "Guildford 1"]
[BlackTeam "Barbican 4NCL 2"]

1. d4 d6 2. e4 Nf6 3. Nc3 e5 4. Nf3 Nbd7 5. Bc4 Be7 6. O-O O-O 7. a4 c6 8. Ba2
b6 9. Qe2 a6 10. Rd1 Qc7 11. Bg5 Rb8 12. Nh4 exd4 13. Nf5 dxc3 14. Nxe7+ Kh8
15. b4 Re8 16. Bf4 Ne5 17. Bxe5 dxe5 18. Nxc8 Rbxc8 19. Rd3 Qe7 20. Rb1 b5 21.
Rxc3 Red8 22. Rd3 Rxd3 23. Qxd3 Rd8 24. Qe3 Qxb4 25. h3 Qxa4 26. Qb6 Qd4 27.
Qxc6 Nxe4 28. Rf1 Ng3 29. Re1 Qd2 30. Ra1 Ne2+ 31. Kh1 Nd4 32. Qxa6 Nxc2 33.
Rb1 Nb4 34. Qxb5 Nxa2 35. Qxe5 h6 36. f4 Nc3 37. Rb8 Rxb8 38. Qxb8+ Kh7 39. Qe5
Qd3 40. Kh2 f5 0-1

[Event "4NCL Division 1b"]
[Site "Birmingham, ENG ENG"]
[Date "2016.01.24"]
[Round "4.156"]
[White "Navarro Cia, Miguel"]
[Black "Flear, Glenn C"]
[Result "1/2-1/2"]
[WhiteElo "2263"]
[BlackElo "2459"]
[PlyCount "57"]
[EventDate "2016.01.24"]
[WhiteTeam "Barbican 4NCL 2"]
[BlackTeam "Guildford 1"]

1. e4 e5 2. Nf3 Nc6 3. Bb5 a6 4. Bxc6 dxc6 5. O-O Bd6 6. d4 exd4 7. Qxd4 f6 8.
c4 c5 9. Qd5 Ne7 10. Qh5+ g6 11. Qh6 Be6 12. b3 Kd7 13. Nc3 Qf8 14. Rd1 Rd8 15.
Qxf8 Rhxf8 16. Bh6 Rg8 17. e5 fxe5 18. Ne4 Kc6 19. Nf6 Nf5 20. Nxg8 Rxg8 21.
Bd2 Nd4 22. Ng5 Bf5 23. f3 h6 24. Ne4 g5 25. h3 Be7 26. Kf2 Rf8 27. Kg1 Rg8 28.
Kf2 Rf8 29. Kg1 1/2-1/2

[Event "4NCL Division 1b"]
[Site "Birmingham, ENG ENG"]
[Date "2016.01.24"]
[Round "4.157"]
[White "Sarakauskas, Gediminas"]
[Black "O'Toole, George E"]
[Result "1/2-1/2"]
[WhiteElo "2415"]
[BlackElo "2220"]
[PlyCount "28"]
[EventDate "2016.01.24"]
[WhiteTeam "Guildford 1"]
[BlackTeam "Barbican 4NCL 2"]

1. e4 e5 2. Nf3 Nc6 3. Bc4 Bc5 4. O-O Nf6 5. d3 d6 6. c3 a6 7. Bb3 Ba7 8. Nbd2
O-O 9. h3 Nh5 10. Re1 Qf6 11. Nf1 Qg6 12. Nh4 Qf6 13. Nf3 Qg6 14. Nh4 Qf6
1/2-1/2

[Event "4NCL Division 1b"]
[Site "Birmingham, ENG ENG"]
[Date "2016.01.24"]
[Round "4.158"]
[White "Lauterbach, Ingrid"]
[Black "Ciuksyte, Dagne"]
[Result "1-0"]
[WhiteElo "2061"]
[BlackElo "2338"]
[PlyCount "84"]
[EventDate "2016.01.24"]
[WhiteTeam "Barbican 4NCL 2"]
[BlackTeam "Guildford 1"]

1. e4 c5 2. Nf3 e6 3. d4 cxd4 4. Nxd4 a6 5. c4 Nf6 6. Nc3 Qc7 7. a3 b6 8. Be3
Bb7 9. f3 Be7 10. Be2 O-O 11. Rc1 d6 12. O-O Nbd7 13. b4 Rac8 14. Qd2 Qb8 15.
Rc2 Rfe8 16. Kh1 Ne5 17. Na4 Bd8 18. Bg1 Qa8 19. Nb2 h6 20. Rfc1 Nxe4 21. fxe4
Bxe4 22. Bf1 Bxc2 23. Rxc2 Qe4 24. Qe2 Qxe2 25. Bxe2 f5 26. h3 Kf7 27. Nb3 d5
28. c5 b5 29. a4 Nc4 30. axb5 axb5 31. Nd4 Rb8 32. Nc6 Ra8 33. Nxc4 dxc4 34.
Nd4 Ra1 35. Nxb5 Bf6 36. Nd6+ Kf8 37. Rxc4 Bd8 38. c6 Ke7 39. c7 Kxd6 40.
cxd8=Q+ Rxd8 41. Rd4+ Ke7 42. Rxd8 Kxd8 1-0

[Event "4NCL Division 1b"]
[Site "Birmingham, ENG ENG"]
[Date "2016.01.24"]
[Round "4.161"]
[White "Carron, Julien"]
[Black "Gormally, Daniel W"]
[Result "0-1"]
[WhiteElo "2362"]
[BlackElo "2506"]
[PlyCount "61"]
[EventDate "2016.01.24"]
[WhiteTeam "Sussex Martlets 1"]
[BlackTeam "Blackthorne Russia"]

1. d4 Nf6 2. c4 c5 3. d5 b5 4. cxb5 a6 5. bxa6 g6 6. Nc3 Bg7 7. Nf3 O-O 8. g3
Qa5 9. Bd2 Nxa6 10. Bg2 Qb6 11. Ne5 Nc7 12. O-O Bb7 13. e4 d6 14. Nc4 Qa6 15.
b3 Nd7 16. a4 Ne5 17. Nxe5 Bxe5 18. Re1 f5 19. exf5 Rxf5 20. Rc1 Raf8 21. f4
Bd4+ 22. Be3 Bxc3 23. Rxc3 Nxd5 24. Rd3 Nb4 25. Rd2 Bxg2 26. Rxg2 Nd3 27. Qe2
Rd5 28. Bd2 e5 29. Rb1 Qa8 30. Rf1 Qc8 31. fxe5 {Scoresheet Illegible} 0-1

[Event "4NCL Division 1b"]
[Site "Birmingham, ENG ENG"]
[Date "2016.01.24"]
[Round "4.162"]
[White "Hunt, Harriet V"]
[Black "Tarhon, Brian"]
[Result "1-0"]
[WhiteElo "2444"]
[BlackElo "2228"]
[PlyCount "57"]
[EventDate "2016.01.24"]
[WhiteTeam "Blackthorne Russia"]
[BlackTeam "Sussex Martlets 1"]

1. e4 c5 2. Nf3 e6 3. d4 cxd4 4. Nxd4 Nf6 5. Nc3 d6 6. Be2 a6 7. O-O Qc7 8. f4
b5 9. a3 Bb7 10. Bf3 Be7 11. Kh1 Nc6 12. f5 Nxd4 13. Qxd4 O-O 14. Bg5 h6 15.
Bh4 Rac8 16. Qf2 Rfe8 17. Rae1 Nd7 18. fxe6 fxe6 19. Bh5 Bxh4 20. Bf7+ Kh7 21.
Qxh4 Ne5 22. Bxe8 Rxe8 23. Rf2 Qa5 24. Qh5 Rc8 25. Qh3 b4 26. axb4 Qxb4 27.
Qxe6 Qxb2 28. Nd5 Rxc2 29. Ne7 1-0

[Event "4NCL Division 1b"]
[Site "Birmingham, ENG ENG"]
[Date "2016.01.24"]
[Round "4.163"]
[White "Bucher, Grant W"]
[Black "Ledger, Andrew J"]
[Result "0-1"]
[WhiteElo "2138"]
[BlackElo "2387"]
[PlyCount "88"]
[EventDate "2016.01.24"]
[WhiteTeam "Sussex Martlets 1"]
[BlackTeam "Blackthorne Russia"]

1. e4 c6 2. d4 d5 3. f3 dxe4 4. fxe4 e5 5. Nf3 Bg4 6. Bc4 Nd7 7. c3 Bh5 8. Be3
Ngf6 9. Nbd2 Bd6 10. h3 O-O 11. O-O Re8 12. Bd3 exd4 13. cxd4 c5 14. Nc4 Nxe4
15. Nxd6 Nxd6 16. Bf4 Ne4 17. Qc2 Bg6 18. Rae1 Ndf6 19. dxc5 Qa5 20. Be5 Nxc5
21. Bxg6 hxg6 22. Bc3 Qb5 23. Bxf6 gxf6 24. Nh4 Rxe1 25. Rxe1 Qb4 26. Rc1 Qd4+
27. Kh1 Ne4 28. Nf3 Ng3+ 29. Kh2 Qf4 30. Qc7 Ne2+ 31. Qxf4 Nxf4 32. Rc7 Rb8 33.
Nd2 Ne6 34. Rc4 Rd8 35. Nb3 f5 36. Na5 Rd7 37. Rb4 Nc5 38. Rb5 b6 39. Nc4 Kg7
40. b3 f4 41. Ne5 Rd2 42. a4 Rb2 43. b4 Nxa4 44. Nd3 f3 0-1

[Event "4NCL Division 1b"]
[Site "Birmingham, ENG ENG"]
[Date "2016.01.24"]
[Round "4.164"]
[White "Ansell, Simon T"]
[Black "Cumming, Rhys"]
[Result "1-0"]
[WhiteElo "2359"]
[BlackElo "2168"]
[PlyCount "69"]
[EventDate "2016.01.24"]
[WhiteTeam "Blackthorne Russia"]
[BlackTeam "Sussex Martlets 1"]

1. e4 c5 2. d3 Nc6 3. f4 g6 4. Nf3 Bg7 5. Be2 e6 6. O-O Nge7 7. c3 d5 8. a4 O-O
9. Na3 a6 10. Nc2 Rb8 11. Be3 d4 12. cxd4 Nxd4 13. Ncxd4 cxd4 14. Bd2 Nc6 15.
b4 b5 16. a5 Bb7 17. Qe1 Rc8 18. Rc1 Qd7 19. Bd1 Rfe8 20. Bb3 Kh8 21. Qh4 f6
22. Qh3 Bf8 23. Nh4 Bxb4 24. Bxb4 Nxb4 25. Rxc8 Bxc8 26. Nxg6+ Kg7 27. Nh4 f5
28. Nf3 Nxd3 29. exf5 exf5 30. Ng5 Re3 31. Qxh7+ Kf8 32. Ne6+ Rxe6 33. Qxf5+
Qf7 34. Qxf7+ Kxf7 35. f5 1-0

[Event "4NCL Division 1b"]
[Site "Birmingham, ENG ENG"]
[Date "2016.01.24"]
[Round "4.165"]
[White "Willson, Ollie"]
[Black "Bates, Richard A"]
[Result "1/2-1/2"]
[WhiteElo "2050"]
[BlackElo "2337"]
[PlyCount "43"]
[EventDate "2016.01.24"]
[WhiteTeam "Sussex Martlets 1"]
[BlackTeam "Blackthorne Russia"]

1. d4 Nf6 2. Nf3 e6 3. g3 b5 4. Bg2 d5 5. O-O Be7 6. a4 b4 7. c4 bxc3 8. bxc3
Ba6 9. Ne5 O-O 10. c4 c6 11. Na3 Nfd7 12. Nf3 dxc4 13. Qc2 Nb6 14. a5 Nd5 15.
Nxc4 c5 16. dxc5 Bxc5 17. Bb2 Be7 18. Nfe5 Qc7 19. Qe4 Bxc4 20. Nxc4 Nd7 21.
Rfc1 N7f6 22. Qe5 1/2-1/2

[Event "4NCL Division 1b"]
[Site "Birmingham, ENG ENG"]
[Date "2016.01.24"]
[Round "4.166"]
[White "Webb, Laurence E"]
[Black "Lenier, Jude A"]
[Result "1-0"]
[WhiteElo "2275"]
[BlackElo "2048"]
[PlyCount "67"]
[EventDate "2016.01.24"]
[WhiteTeam "Blackthorne Russia"]
[BlackTeam "Sussex Martlets 1"]

1. d4 Nf6 2. c4 g6 3. Nc3 Bg7 4. Bg5 d6 5. Nf3 O-O 6. e3 Bf5 7. Be2 Ne4 8. Nxe4
Bxe4 9. O-O Nd7 10. Nd2 Bf5 11. e4 f6 12. exf5 fxg5 13. fxg6 hxg6 14. Qc2 Rf4
15. Qxg6 e5 16. d5 Nf8 17. Qd3 Qf6 18. g3 Rd4 19. Qc2 Qh6 20. Nf3 Ng6 21. Nxd4
exd4 22. Qe4 Rf8 23. Bg4 Be5 24. Rad1 Kg7 25. h3 Rf7 26. Rd3 Re7 27. Be6 c6 28.
Qg4 Bf6 29. Qe4 c5 30. f4 Re8 31. fxg5 Bxg5 32. Rdf3 Ne5 33. Rf5 Nxc4 34. Rxg5+
1-0

[Event "4NCL Division 1b"]
[Site "Birmingham, ENG ENG"]
[Date "2016.01.24"]
[Round "4.167"]
[White "Grant, David J"]
[Black "Ledger, Dave J"]
[Result "0-1"]
[WhiteElo "2096"]
[BlackElo "2217"]
[PlyCount "188"]
[EventDate "2016.01.24"]
[WhiteTeam "Sussex Martlets 1"]
[BlackTeam "Blackthorne Russia"]

1. e4 e5 2. Nf3 Nc6 3. Bc4 Bc5 4. d3 Nf6 5. O-O O-O 6. c3 d5 7. exd5 Nxd5 8.
Re1 Bg4 9. h3 Bh5 10. Nbd2 Nb6 11. b4 Bd6 12. Bb3 Kh8 13. Qc2 a6 14. a3 Re8 15.
Bb2 Bf8 16. c4 f6 17. Qc3 Qd7 18. d4 exd4 19. Nxd4 Nxd4 20. Qxd4 Qxd4 21. Bxd4
Rad8 22. Rxe8 Bxe8 23. Re1 Bc6 24. Nf3 Nc8 25. Bc3 Rd3 26. Re3 Rxe3 27. fxe3
Nd6 28. Nd4 Bd7 29. c5 Ne4 30. Bb2 c6 31. Bc2 Ng5 32. h4 Nf7 33. Bb3 Ne5 34.
Nf3 Ng4 35. e4 Be7 36. g3 Bd8 37. e5 Bc7 38. e6 Be8 39. Nd4 g6 40. e7 Be5 41.
Be6 Ne3 42. Bc8 Nc4 43. Ba1 Nxa3 44. Bxb7 Nb5 45. Nb3 Bxa1 46. Nxa1 Nd4 47.
Bxa6 Kg7 48. Bc4 f5 49. Nb3 Nc2 50. Kf2 Kf6 51. Kf3 Kxe7 52. Kf4 Kf6 53. Bg8
Nxb4 54. Bxh7 Nd5+ 55. Kf3 Kg7 56. Bxg6 Kxg6 57. g4 fxg4+ 58. Kxg4 Bd7+ 59. Kf3
Kf5 60. Nd4+ Ke5 61. Nxc6+ Bxc6 62. h5 Kf5 63. h6 Kg6 64. Ke4 Kxh6 65. Ke5 Kg5
66. Kd6 Nb4 67. Ke5 Kg4 68. Kd4 Kf4 69. Kc4 Na6 70. Kd4 Kf5 71. Kc4 Ke4 72. Kc3
Nxc5 73. Kc4 Nd3 74. Kc3 Bd5 75. Kc2 Kd4 76. Kd2 Bb3 77. Ke2 Ne5 78. Kd2 Nf3+
79. Ke2 Ke4 80. Kf2 Bd1 81. Kg3 Nd4 82. Kf2 Bf3 83. Ke1 Ke3 84. Kf1 Ne2 85. Ke1
Nf4 86. Kf1 Ng2 87. Kg1 Bd5 88. Kf1 Kf3 89. Kg1 Kg3 90. Kf1 Bc4+ 91. Kg1 Nf4
92. Kh1 Bb5 93. Kg1 Nh3+ 94. Kh1 Bc6# 0-1

[Event "4NCL Division 1b"]
[Site "Birmingham, ENG ENG"]
[Date "2016.01.24"]
[Round "4.168"]
[White "Ledger, Stephen C"]
[Black "Norinkeviciute, Rasa"]
[Result "1/2-1/2"]
[WhiteElo "2162"]
[BlackElo "2036"]
[PlyCount "84"]
[EventDate "2016.01.24"]
[WhiteTeam "Blackthorne Russia"]
[BlackTeam "Sussex Martlets 1"]

1. d4 Nf6 2. Bg5 e6 3. Nf3 h6 4. Bh4 Be7 5. e3 b6 6. Nbd2 Bb7 7. Bd3 d6 8. O-O
Nbd7 9. c3 a6 10. Qe2 O-O 11. Rad1 Nh7 12. Bxe7 Qxe7 13. e4 c5 14. e5 f5 15.
exf6 Qxf6 16. Rfe1 Rfe8 17. Ne4 Bxe4 18. Bxe4 d5 19. Bc2 b5 20. Qd3 Nhf8 21.
Ne5 c4 22. Qg3 Nxe5 23. Rxe5 Ra7 24. Rde1 Rae7 25. R1e3 g6 26. h4 Kh8 27. Rf3
Qg7 28. h5 g5 29. Re1 Rd8 30. Rfe3 Qf7 31. Qg4 Qf6 32. Rf1 e5 33. Rfe1 Rde8 34.
dxe5 Rxe5 35. Qd4 Nd7 36. Rxe5 Rxe5 37. Rxe5 Qxe5 38. Qxe5+ Nxe5 39. Kf1 Kg7
40. Ke2 Kf6 41. Ke3 Ng4+ 42. Kf3 Ne5+ 1/2-1/2

[Event "4NCL Division 1b"]
[Site "Birmingham, ENG ENG"]
[Date "2016.01.24"]
[Round "4.171"]
[White "Roberson, Peter T"]
[Black "Cooper, John G"]
[Result "1/2-1/2"]
[WhiteElo "2399"]
[BlackElo "2258"]
[PlyCount "63"]
[EventDate "2016.01.24"]
[WhiteTeam "Grantham Sharks 1"]
[BlackTeam "South Wales Dragons"]

1. e4 c5 2. Nf3 e6 3. c3 d5 4. exd5 exd5 5. d4 Nc6 6. Bb5 Bd6 7. dxc5 Bxc5 8.
O-O Nge7 9. Nbd2 O-O 10. Nb3 Bd6 11. Re1 Bg4 12. h3 Bh5 13. Be2 Re8 14. Be3 Qd7
15. Qd2 Bxf3 16. Bxf3 Ne5 17. Bxd5 Nxd5 18. Qxd5 Nd3 19. Kf1 Nxe1 20. Rxe1 Qc7
21. Nd4 Rad8 22. Nb5 Qa5 23. Qb3 Bb8 24. Nd4 Qa6+ 25. Kg1 Bf4 26. Nc2 Qd6 27.
Qxb7 Bxe3 28. Nxe3 Rb8 29. Qxa7 Rxb2 30. Rd1 Qf4 31. Nd5 Qe5 32. a4 1/2-1/2

[Event "4NCL Division 1b"]
[Site "Birmingham, ENG ENG"]
[Date "2016.01.24"]
[Round "4.172"]
[White "Strugnell, Carl"]
[Black "Batchelor, Peter J"]
[Result "1/2-1/2"]
[WhiteElo "2216"]
[BlackElo "2307"]
[PlyCount "80"]
[EventDate "2016.01.24"]
[WhiteTeam "South Wales Dragons"]
[BlackTeam "Grantham Sharks 1"]

1. e4 c6 2. d4 d5 3. e5 c5 4. dxc5 Nc6 5. Nf3 e6 6. a3 Bxc5 7. b4 Bb6 8. Bb2
Nge7 9. Bd3 Ng6 10. g3 a6 11. Nbd2 f6 12. exf6 gxf6 13. c4 d4 14. c5 Bc7 15.
Nc4 e5 16. Nh4 Nxh4 17. Qh5+ Ng6 18. Bxg6+ Ke7 19. Bd3 Be6 20. Nd2 Qg8 21. Qe2
Re8 22. O-O-O h5 23. f3 f5 24. Rhg1 Rh7 25. f4 Qg4 26. fxe5 Nxe5 27. Rde1 Kd8
28. Rgf1 Rd7 29. c6 Nxc6 30. Bxf5 Qxe2 31. Rxe2 Bxf5 32. Rxe8+ Kxe8 33. Rxf5 h4
34. gxh4 Bxh2 35. Nf3 Bg3 36. Kd1 Rh7 37. h5 Ne7 38. Rg5 Bf4 39. Rg4 Be3 40.
Bxd4 Bxd4 1/2-1/2

[Event "4NCL Division 1b"]
[Site "Birmingham, ENG ENG"]
[Date "2016.01.24"]
[Round "4.174"]
[White "Williamson, Roger G"]
[Black "Foisor, Mihaela-Veronica"]
[Result "1/2-1/2"]
[WhiteElo "2182"]
[BlackElo "2249"]
[PlyCount "104"]
[EventDate "2016.01.24"]
[WhiteTeam "South Wales Dragons"]
[BlackTeam "Grantham Sharks 1"]

1. d4 Nf6 2. c4 e6 3. Nc3 d5 4. Nf3 dxc4 5. Bg5 Be7 6. Qa4+ Nbd7 7. g3 O-O 8.
Qxc4 c5 9. Rd1 Qa5 10. Bg2 cxd4 11. Bxf6 Bxf6 12. Nxd4 Nb6 13. Qb5 Qxb5 14.
Ndxb5 Bd7 15. O-O Bc6 16. Nd6 Rab8 17. Rd2 Rfd8 18. Rfd1 Bxg2 19. Kxg2 Bxc3 20.
bxc3 Kf8 21. Rd4 Ke7 22. c4 f6 23. f4 g6 24. e4 Nd5 25. Nf5+ gxf5 26. exd5 exd5
27. Rxd5 Rxd5 28. Rxd5 Ke6 29. Rb5 h5 30. Kf3 Rc8 31. Rxb7 Rxc4 32. Rxa7 Rc3+
33. Kg2 Rc2+ 34. Kh3 Rb2 35. a4 Ra2 36. a5 Rb2 37. Ra8 Ra2 38. Ra7 Rb2 39. a6
Ra2 40. Rh7 Rxa6 41. Rxh5 Ra2 42. Rh7 Rb2 43. Rc7 Ra2 44. Rc1 Kf7 45. Rg1 Rf2
46. Rg2 Rf1 47. Rb2 Rg1 48. Kh4 Kg6 49. Rf2 Kh6 50. h3 Kg6 51. Rb2 Rf1 52. Rb4
Rh1 1/2-1/2

[Event "4NCL Division 1b"]
[Site "Birmingham, ENG ENG"]
[Date "2016.01.24"]
[Round "4.175"]
[White "Purton, Ben J"]
[Black "Redmond, John P"]
[Result "0-1"]
[WhiteElo "2185"]
[BlackElo "2198"]
[PlyCount "68"]
[EventDate "2016.01.24"]
[WhiteTeam "Grantham Sharks 1"]
[BlackTeam "South Wales Dragons"]

1. e4 e6 2. d4 d5 3. Nd2 Be7 4. Ngf3 Nf6 5. e5 Nfd7 6. c3 c5 7. Bd3 b6 8. Qe2
a5 9. O-O Ba6 10. Ne1 Bxd3 11. Qxd3 Nc6 12. a3 O-O 13. f4 cxd4 14. cxd4 Nxd4
15. Kh1 Nc6 16. g4 Nc5 17. Qg3 Bh4 18. Qg1 Bxe1 19. Rxe1 f6 20. exf6 Qxf6 21.
Qg3 Qxf4 22. Ne4 Qxg3 23. Nxg3 Nd4 24. Rd1 Ndb3 25. Rb1 Nxc1 26. Rbxc1 Rf4 27.
h3 Raf8 28. Rc2 a4 29. Kg2 d4 30. Nh5 d3 31. Rcd2 Rd4 32. Rf2 Rxf2+ 33. Kxf2
Rc4 34. Rd2 Ne4+ 0-1

[Event "4NCL Division 1b"]
[Site "Birmingham, ENG ENG"]
[Date "2016.01.24"]
[Round "4.176"]
[White "Zeidler, Sven P"]
[Black "Bremner, Adam"]
[Result "0-1"]
[WhiteElo "2166"]
[BlackElo "2188"]
[PlyCount "50"]
[EventDate "2016.01.24"]
[WhiteTeam "South Wales Dragons"]
[BlackTeam "Grantham Sharks 1"]

1. e4 c6 2. Nf3 d5 3. exd5 cxd5 4. Ne5 Nd7 5. d4 g6 6. c4 dxc4 7. Qa4 e6 8. Nc3
a6 9. Bf4 Ngf6 10. Bxc4 Bg7 11. O-O-O O-O 12. Qb3 b5 13. Bxe6 fxe6 14. Qxe6+
Kh8 15. Nf7+ Rxf7 16. Qxf7 Bb7 17. Rhe1 b4 18. Re7 Bf8 19. Re6 bxc3 20. Bg5
cxb2+ 21. Kxb2 Rb8 22. Ka1 Bg7 23. Rde1 Qf8 24. Re7 Qxf7 25. Rxf7 Bd5 0-1

[Event "4NCL Division 1b"]
[Site "Birmingham, ENG ENG"]
[Date "2016.01.24"]
[Round "4.177"]
[White "Cumbers, Paul"]
[Black "Jameson, David"]
[Result "1-0"]
[WhiteElo "2180"]
[BlackElo "2095"]
[PlyCount "49"]
[EventDate "2016.01.24"]
[WhiteTeam "Grantham Sharks 1"]
[BlackTeam "South Wales Dragons"]

1. d4 d5 2. c4 c6 3. e3 Nf6 4. Nc3 e6 5. Nf3 Nbd7 6. Qc2 Bd6 7. g4 Nxg4 8. Rg1
Nxh2 9. Nxh2 Bxh2 10. Rxg7 Nf8 11. Rg2 Bd6 12. Bd2 Bd7 13. e4 dxc4 14. Bxc4 Ng6
15. O-O-O Nh4 16. Rg4 h5 17. Bg5 f6 18. Rxh4 fxg5 19. e5 Kf7 20. Rdh1 gxh4 21.
Qf5+ Ke8 22. Qg6+ Kf8 23. Rh3 Qe8 24. Rf3+ Ke7 25. Qf6# 1-0

[Event "4NCL Division 1b"]
[Site "Birmingham, ENG ENG"]
[Date "2016.01.24"]
[Round "4.178"]
[White "Wilson, Julie"]
[Black "Holland, James P"]
[Result "1/2-1/2"]
[WhiteElo "1877"]
[BlackElo "2235"]
[PlyCount "75"]
[EventDate "2016.01.24"]
[WhiteTeam "South Wales Dragons"]
[BlackTeam "Grantham Sharks 1"]

1. d4 b5 2. Bf4 Bb7 3. e3 a6 4. Nf3 Nf6 5. Nbd2 e6 6. Bd3 c5 7. O-O c4 8. Be2
Nd5 9. c3 Nxf4 10. exf4 Qc7 11. g3 Qc6 12. Re1 Be7 13. Bf1 d6 14. Bg2 Qc7 15.
Ne4 O-O 16. Qc2 h6 17. a4 Nd7 18. Ned2 Rfe8 19. f5 e5 20. dxe5 dxe5 21. Nxe5
Bxg2 22. Nxd7 Bb7 23. Ne5 Bc5 24. Nef3 Qc6 25. axb5 axb5 26. Rxa8 Rxa8 27. Qe4
Qb6 28. Qe2 Rd8 29. Nh4 Kh8 30. Ndf3 Qc6 31. Kg2 Kh7 32. Kh3 Qf6 33. Qe5 Bxf2
34. Qxf6 gxf6 35. Re2 Bc5 36. Kg4 Bc8 37. Ng2 Kg7 38. Nf4 1/2-1/2

[Event "4NCL Division 1b"]
[Site "Birmingham, ENG ENG"]
[Date "2016.01.24"]
[Round "4.181"]
[White "Haria, Ravi"]
[Black "Adair, James R"]
[Result "0-1"]
[WhiteElo "2406"]
[BlackElo "2461"]
[PlyCount "88"]
[EventDate "2016.01.24"]
[WhiteTeam "Cambridge University 1"]
[BlackTeam "White Rose 1"]

1. Nf3 d5 2. g3 Nf6 3. Bg2 c5 4. O-O e6 5. d4 cxd4 6. Nxd4 e5 7. Nb3 Be6 8. Bg5
Nbd7 9. e4 dxe4 10. Bxe4 Qc7 11. Bg2 Be7 12. Nc3 O-O 13. h3 Nb6 14. Qf3 Rab8
15. Be3 Nfd7 16. Rad1 a6 17. Rfe1 Nc4 18. Bc1 Bb4 19. Nd2 Na3 20. Qe4 Bxc3 21.
bxc3 Qxc3 22. Nf3 Nf6 23. Qh4 Nxc2 24. Rxe5 Rfd8 25. Rxd8+ Rxd8 26. Bh6 Rd1+
27. Kh2 Nd4 28. Re3 Qc5 29. Nxd4 Rxd4 30. Bf4 b5 31. Re1 Bxa2 32. Rc1 Qxc1 33.
Bxc1 Rxh4 34. gxh4 Bd5 35. Bf1 Ne4 36. f3 Nd6 37. Kg3 Nf5+ 38. Kg4 Nd4 39. f4
Be6+ 40. Kg3 Nf5+ 41. Kf2 Nxh4 42. Bd2 Kf8 43. Bc3 Ke7 44. Kg3 Nf5+ 0-1

[Event "4NCL Division 1b"]
[Site "Birmingham, ENG ENG"]
[Date "2016.01.24"]
[Round "4.182"]
[White "McNab, Colin A"]
[Black "Wallace, John Paul"]
[Result "1-0"]
[WhiteElo "2437"]
[BlackElo "2383"]
[PlyCount "121"]
[EventDate "2016.01.24"]
[WhiteTeam "White Rose 1"]
[BlackTeam "Cambridge University 1"]

1. Nf3 d5 2. g3 Nc6 3. Bg2 e5 4. d3 Be6 5. c3 Qd7 6. Qa4 f6 7. Nbd2 g5 8. b4 h5
9. h4 g4 10. Nh2 f5 11. Nb3 b6 12. O-O Nge7 13. Bg5 Bh6 14. Bxh6 Rxh6 15. b5
Nd8 16. c4 Nf7 17. Rac1 f4 18. cxd5 Bxd5 19. Bxd5 Nxd5 20. Qe4 O-O-O 21. a4 Kb8
22. Nd2 Qe6 23. Qc4 Nd6 24. Qc6 Nf5 25. Qxe6 Rxe6 26. Ne4 Nf6 27. Nxf6 Rxf6 28.
Rc4 Nd4 29. Re1 fxg3 30. fxg3 Rdf8 31. e3 Nf5 32. Nf1 Nd6 33. Rc2 e4 34. d4 Rf3
35. Rg2 Nc4 36. Rge2 Nd6 37. Kg2 Nf5 38. Rc1 Rf7 39. Rce1 Kb7 40. Rc1 Kc8 41.
Rce1 Kb8 42. Rb1 Kb7 43. Rc1 Ne7 44. Nd2 Nd5 45. Nc4 R7f6 46. Rce1 Ne7 47. Nd2
Nf5 48. Nxe4 Rf8 49. Ng5 Rxg3+ 50. Kh2 Rg8 51. e4 Rxg5 52. hxg5 Rh3+ 53. Kg1
Nxd4 54. g6 Rd3 55. Re3 Nf3+ 56. Rxf3 gxf3 57. g7 Rd8 58. Kf2 Rg8 59. Rg1 h4
60. Kxf3 h3 61. Rg6 1-0